| 000 | 00575nam a2200229Ia 4500 | ||
|---|---|---|---|
| 003 | OSt | ||
| 005 | 20220924145615.0 | ||
| 006 | a|||||r|||| 00| 0 | ||
| 007 | ta | ||
| 008 | 220923b |||||||| |||| 00| 0 tel d | ||
| 024 | _a329532 | ||
| 037 | _cTextual | ||
| 040 |
_aARTS _cARTS _btel |
||
| 041 |
_2tel _atel |
||
| 082 | _aO122,3M02,2, 35J5 | ||
| 100 |
_aHyugo Au. _9220163 |
||
| 245 | 0 | _aGhantarasam | |
| 260 | _c1955 | ||
| 650 |
_aFRENCH LITERATURE _913614 |
||
| 942 |
_hO122,3M02,2, 35J5 _cTEXL _2CC |
||
| 999 |
_c460629 _d460629 |
||